[Event "Elista ol (Men)"]
[Site "Elista RUS"]
[Date "1998.09.30"]
[Round "2"]
[White "Lesiege, Alexandre"]
[Black "Andersson, Ulf"]
[Result "0-1"]
[WhiteElo "2525"]
[BlackElo "2645"]
[EventDate "1998.09.29"]
[Annotator "Tsesarsky"]

1. d4 e6 2. c4 Nf6 3. Nc3 d5 4. Bg5 Be7 5. e3 Nbd7 6. Nf3 O-O 7. Rc1 c6 8.
 Bd3 h6 ( 8. ... dxc4 9. Bxc4 Nd5 10. Bxe7 Qxe7 11. O-O Nxc3 12. Rxc3 e5 
13. Qc2 ( 13. Bb3! += {Alekhine} ) 13. ... exd4 14. exd4 Nf6 ( 14. ... Nb6
15. Re1 Qf6 16. Bb3 Bf5 17. Qd2 Rad8 18. Ne5 Qh4 =, quiet ( 18. ... Qd6? 
19. Nxf7! Rxf7 20. Bxf7+ Kxf7 21. Rf3 Kg6 22. h4 +/- {1-0 
Chekhov,V-Campora,D/Moscow-A 1989 (26)} ) ) 15. Re1 Qd8 16. h3 Nd5 17. 
Bxd5 Qxd5 18. Re5 Qd6 19. Ng5 g6 20. Rf3 f6?? ( 20. ... Qxd4 21. Re7 Bf5 
22. Rxf5 gxf5 23. Qxf5 Qd1+ 24. Kh2 Qd6+ 25. f4 Qg6 26. Qe5 Rad8 ( 26. ...
 b6 27. Ne4 f6 28. Qe6+ Kh8 29. Nd6 Qh6 =/& ) 27. Rxb7 =/& ) 21. Qb3+ Kg7 
22. Re8! a5 23. Rxc8! {1-0 Lputian-Balashov/Erevan 1986} ) 9. Bh4 dxc4 10.
 Bxc4 b5 11. Bd3 a6 12. e4 ( 12. a4 bxa4 13. Qxa4 Rb8 14. Qc2 += ( 14. 
Qxc6 Rxb2 15. Bxa6 ( 15. Bxf6! Nxf6 ( 15. ... Bxf6 16. Bxa6! +/- ( 16. O-O
Bb7 17. Qd6 Bxf3 18. gxf3 a5 â‡„â‡„ ) ) 16. Bxa6 Ba3 17. Qa4! +/- ) 
15. ... Ba3 ( 15. ... Nc5! 16. dxc5 ( 16. Bxf6 Bxa6 ( 16. ... Bxf6 17. Be2
+/- ) 17. Qxc5 ( 17. dxc5 Bxf6 18. Qxa6 Bxc3+ 19. Kf1 Rc2 20. Rb1 Bf6 =+ )
17. ... gxf6 18. Qh5 ( 18. Qa7 Bd3 19. Nd2 Qa8 20. Qxa8 Rxa8 21. Nd1 Rba2 
22. Nc3 Rb2 23. Nd1 =, quiet ) 18. ... Bb4 19. Nd2 Qc8 20. Nde4 f5 21. 
Qxh6 fxe4 22. Qg5+ Kh7 23. Qh5+ Kg7 24. Qg5+ =, quiet ) 16. ... Bd7 -/+ ) 
16. Qa4 Qe7 17. Bxc8 Rxc8 18. O-O +/- ) ) ( 12. Bxf6 Bxf6 13. Ne4 Be7 14. 
O-O f5! ( 14. ... Bb7 15. a3 f5!? â‡„â‡„ ( 15. ... Qb6 16. Bb1 ( 16. Qc2 
Rac8 17. b4 a5 18. Nc5 Nxc5 19. bxc5 Qc7 20. Ne5 += ) 16. ... Rac8 17. b4 
a5 18. Qd3 Rfd8 19. Nc5 +/- {1-0 Bellon Lopez,J-Medina 
Garcia,A/Torremolinos (6) 1983 (41)} ) ) 15. Nc3 ( 15. Ng3 c5 16. Qe2 Bb7 
17. Rfd1 Rc8 =, quiet ) 15. ... c5 â‡„â‡„ ) ( 12. Bb1 Bb7 ( 12. ... c5 13.
 dxc5 Nxc5 14. Qc2 Re8 ( 14. ... g5 15. Bg3 b4 16. Be5 bxc3 17. Rd1 +- ) 
15. Bxf6 ( 15. O-O Bb7 16. Rfd1 Qa5 17. Bxf6 ( 17. Ne5? Rad8 18. f3 ( 18. 
Bxf6 Bxf6 19. Qh7+ Kf8 20. Nxf7 Kxf7 21. Bg6+ Ke7 22. Bxe8 Rxe8 =+ ) 
18. ... Rxd1+ 19. Rxd1 Rd8 â‡„â‡„ {1/2-1/2 Suetin,A-Lutikov,A/URS-ch32 
Kiev -c 1964 (24)} ) 17. ... Bxf6 18. Qh7+ Kf8 19. e4 +/- ) 15. ... Bxf6 
16. Qh7+ Kf8 17. O-O +/- ) 13. Qc2 c5 ( 13. ... Re8 14. O-O Rc8 15. Rfd1 
Qc7 16. Ne5 ( 16. Ne4 Nxe4 17. Qxe4 Nf8 18. Bxe7 Qxe7 19. Rc5 f5 20. Qf4 
Nd7 21. Rcc1 c5 22. dxc5 Bxf3 23. Qxf3 Nxc5 24. Qf4 += ) 16. ... Nf8 17. 
Bxf6 Bxf6 18. Ne4 Be7 ( 18. ... Bxe5 19. dxe5 Qxe5 20. Nd6 +- ) 19. Nc5 
+/- {1-0 Ikonnikov,V-Goczan,L/Budapest Spring 1991 (27)} ) 14. dxc5 b4 15.
 Rd1 g5 16. Nxg5 hxg5 17. Bxg5 bxc3 18. Bxf6 Nxf6 19. Rxd8 Rfxd8 20. Qxc3 
+- {1-0 Vladimirov,E-Ubilava,E/USSR 1981/Inf 32 (50)} ) 12. ... Nxe4!? 13.
 Bxe4 ( 13. Bxe7? Nxc3 =+ ) 13. ... Bxh4 14. Bxc6 Ra7 ( 14. ... Rb8 15. 
O-O Bf6 16. a4 bxa4 17. Nxa4 Rb4 â‡„â‡„ {1/2-1/2 
Gorelov,S-Ubilava,E/Barnaul URS sf 1984 (41)} ) 15. O-O ( 15. d5 Rc7 16. 
O-O Nb8 17. Ba8 b4 18. Ne2 Rxc1 19. Qxc1 Be7 20. Qf4 Bd6 21. Qc4 â‡„â‡„ {
1/2-1/2 Sarwinski,M-Condie,M/Poznan ,EXT 1986 (53)} ) 15. ... Be7 ( 
15. ... Nb6 16. d5 ( 16. Ne4 Be7 17. Ne5 Rc7 18. Qd3 ( 18. Nc5? f6 -+ ) 
18. ... Nc4 ( 18. ... Nd5 19. a3 â‡„â‡„ ) 19. Nxc4 Rxc6 20. Ne5 Rxc1 21. 
Rxc1 Bb7 =+ {Euwe, M-Alekhine,A/Amsterdam 1935 (62)} ) ( 16. Nxh4 Qxh4 17.
 Re1 Rd8 18. Re4 Qf6 =+ ) 16. ... b4 17. Na4 Bf6 18. Nxb6 Qxb6 19. Qb3 
exd5 20. Bxd5 =, quiet ) ( 15. ... Rc7 16. Be4 Be7 17. Ne5 Nxe5 18. dxe5 
Qxd1 19. Rcxd1 Rd8 =, quiet {1/2-1/2 Lutz,C-Federau,J/ BL 1988 (24)} ) 16.
 d5 Nf6?! =, quiet ( 16. ... Nb6! 17. dxe6 Bxe6 18. Nd4 ( 18. b3 Rc7 =+ ) 
18. ... Bc4 19. Re1 Bf6 20. Nf5 Qxd1 21. Rexd1 Rc8 =+ ) 17. Qd4?! =+ ( 17.
 dxe6 Bxe6 18. Nd4 Bc4 ( 18. ... Rc7 19. Nxe6 fxe6 20. Bf3 =, quiet ) 19. 
Re1 Bc5 20. Nf5 Qb6 ( 20. ... Qxd1 21. Rcxd1 Be6 ( 21. ... b4 22. Na4 +/- 
) 22. Nd4 Bg4 23. Bf3 Bxd4 24. Rxd4 Bxf3 25. gxf3 Rc8 26. Rd6 b4 27. Ne4 
Nxe4 28. Rxe4 a5 29. a3 =, quiet ) 21. Qf3 Be6 ( 21. ... Rc7 ) 22. Nxh6+! 
Kh8 ( 22. ... gxh6 23. Qxf6 Bd4 ( 23. ... Qxc6 24. Ne4 +- ) 24. Qf4 +/- ) 
23. Nf5 ( 23. Nd1 Rc7 -/+ ) 23. ... Bxf5 24. Qxf5 Qxc6 25. Ne2 Nd5 26. b4 
Bxf2+ 27. Qxf2 Qb6 28. Rc5 Rd7 =, quiet ) 17. ... Rc7 18. Rfd1 exd5 19. 
Nxd5 Nxd5 20. Qxd5?! -/+ ( 20. Bxd5 Bf6 21. Qe3 Rxc1 22. Qxc1 Qe7 =+ ) 
20. ... Be6 21. Qe4 ( 21. Qxd8 Bxd8 22. b3 Bf6 23. Be4 Rfc8 24. Rxc7 Rxc7 
25. Kf1 Kf8 =+ ) 21. ... Qc8 22. Nd4 Rd8?! =+ ( 22. ... Bxa2! 23. Nf5 ( 
23. Ra1 Rd8 24. Rxa2 Rxc6 25. Raa1 Rcd6 26. Qxe7 Rxd4 27. Rxd4 Rxd4 -/+ ) 
23. ... Bf6 24. Nd6 ( 24. Rd6 Be6 -+ ) 24. ... Qe6 -/+ ) 23. Nxe6 Rxd1+ 
24. Rxd1 Rxc6! 25. Nf4 ( 25. Nd4? Rc1 26. Qe1 Rxd1 27. Qxd1 Qd7 28. Qd2 
Bf6 29. Nf3 Qxd2 30. Nxd2 Bxb2 -+ ) 25. ... Rc1 26. Qe1 Rxd1 27. Qxd1 Qc4 
28. Nd5 Bc5 {Je obecne znamo, ze spoluprace mezi damou a jezdcem je lepsi 
nez mezi damou a strelcem, ale zde mame pripad, kdy to neplati. Dama a 
jezdec se doplnuji  velmi dobre pri utoku na krale nebo kdyz ma jezdec 
spolehlive operne body. Ale v partii pozice  na d5 neni bezpecna a cerny 
ma aktivnejsi koordinaci mezi figurami vzhledem k utoku na f2,} 29. b3 Qe4
30. g3 h5 31. Nf4 ( 31. h4 =+ ) 31. ... g6 32. Qe2? -/+ {It was not 
necessary to change Queens.} ( 32. h4 Kg7 =+ {bylo lepsi } ) 32. ... Qxe2 
33. Nxe2 Kf8! ( 33. ... Kg7 {neni tak dobre jelikoz} 34. Nc3 {brani  dalsi
centralizaci pro vidlicku na e4 } ( 34. Kf1 â–¡ Kf6 35. f3 Ke5 36. Ke1 =+ 
) ( 34. Kg2 Kf6 35. f4 ( 35. Kf3 Ke5 36. h4 b4 37. Nf4 Kd4 38. Ke2 Kc3 39.
 Nd3 Bd6 -+ ) 35. ... Ke6 36. Kf3 Kd5 37. h3 b4 38. g4 hxg4+ 39. hxg4 a5 
40. g5 Bb6 41. Ng3 ( 41. f5 gxf5 42. Kf4 Ke6 -+ ) 41. ... Kd4 42. Ne4 Bc7 
43. Nf6 Kd3 44. Nd5 Bd8 45. Ne3 Kc3 46. Ng4 Kb2 47. Ne5 Kxa2 48. Nxf7 a4 
49. f5 Bxg5! -+ ) ) 34. Kf1 Ke7 35. f3 Kd6 36. Ke1 Be3!? {Toto umozni 
pochod krale na a3} 37. Kd1 Kc5 38. Kc2 ( 38. a3 Kd5 39. Kc2 Bc5 40. b4 
Bd4 =+ 41. Kd3 Be5 42. Nc3+ Bxc3? ( 42. ... Ke6 43. Ne2 h4? ( 43. ... Bb2!
44. Nd4+ Kd5 45. Nc2 g5 46. Ne3+ Ke5 47. Nc2 ( 47. a4 bxa4 48. Nc4+ Kf6 
49. Nxb2 a3 -+ ) 47. ... f5 48. Ke3 Bc1+ 49. Ke2 Kd5 50. Kd1 Bb2 51. Kd2 
Kc4 52. Ne3+ Kb3 -+ ) 44. f4 Bb2 45. gxh4 Bxa3 ( 45. ... Kd5 46. f5! Bxa3 
47. fxg6 fxg6 48. Nf4+ Ke5 49. Nxg6+ Kf6 ( 49. ... Kf5 50. Ne7+ Kg4 51. 
Nd5 =, quiet ) 50. Nf4 Bxb4 51. Nd5+ Kg6 52. Nxb4 Kh5 53. Nc6 Kxh4 54. Ne5
Kh3 55. Nf3 a5 56. Kc3 Kg4 57. h4 b4+ 58. Kc4 Kh5 =, quiet ) 46. Kc3 =/& )
43. Kxc3 g5 44. Kd3 =, quiet ) 38. ... Bf2! {Cerny hraje na obou kridlech 
. Strelec kontroluje bileho jezdce. Specificky po 38...Bf2! cerny chce 
pokracovat s ... h5-h4 a eventualne ...h4-h3 a g6-g5 abyl prispendlil h2 
na misto. Jestli jezdec potom odtahne pryc, cerny muze vyhrat pesce nebo 
obetovat sttrelce na g3.} 39. Kc3 h4 40. g4 {It is very difficult to 
decide exactly, is it lost position for White, or maybe White played bad. 
I think, it's lost...} ( 40. b4+ Kd5 41. a3 -/+ ) ( 40. gxh4 Bxh4 -/+ ) 
40. ... Be1+ 41. Kd3 Ba5 42. h3 ( 42. a3 Bc7 43. h3 -/+ Be5 =+ ) 42. ... 
Bc7 43. Nd4? -/+ Kd5 44. Ne2 ( 44. a3 Be5 45. Ne2 Bb2 46. a4 bxa4 47. bxa4
-/+ Kc5 -/+ ) ( 44. Nc2 Ke5 45. Ne3 g5 =+ ) 44. ... Be5 45. Ke3 a5 46. Kd3
Kc5 {POzice bileho se pomalu stava kriticka. Bud cerny pronikne na a3 nebo
bily skonci s velmi pasivni situaci s kralem. } 47. Ke4 Bg7 48. Kd3 ( 48. 
g5 Kb4 49. Kd5 Ka3 50. Kc5 b4 51. Kb5 Kxa2 52. Ka4 Kb2 53. Nf4 Kc3 54. Ng2
Bd4 55. Nxh4 Be3 56. f4 Bxf4 57. Nf3 Bc7 -+ ) 48. ... Kb4 {Nakonec je 
cesta k a3 volna!} 49. Kc2 Ka3 50. Kb1 a4! D {Tento tah vytvari pro 
cerneho krale silne pole c4. Po tom bude muset vytvorit dalsi vstupni pole
s pomoci zugzwangu. } 51. bxa4 bxa4 52. Nf4 Kb4 53. Kc2?! ( {Lepsi obrana 
byla } 53. Ng2 Kc3? ( 53. ... g5! 54. f4 f6 55. Kc2 Bf8 56. fxg5 fxg5 57. 
Ne3 Bg7 58. Nf5 Bf6 59. Nd6 Be7 60. Nf5 Bc5 61. Kb2 Kc4 62. Kc2 Bf8 63. 
Kd2 Bb4+ 64. Kc2 Ba3 ( 64. ... Ba5 65. Nd6+ Kd4 66. Nf7 +/- ) 65. Kd2 Kd5 
66. Kd3 Ke5 67. Kc4 Bf8 68. Kb5 ( 68. Nd4 Ke4 69. Ne6 Be7 70. Nd4 Bf6 71. 
Nf5 Kf3 72. Kb4 Kg2 -+ ) 68. ... a3 69. Kc4 Kf4 70. Kd5 Kf3 71. Ke5 Bb4 
72. Kf6 Bd2 73. Nd6 Kg2 74. Ne4 Kxh3 75. Nxd2 Kg2 -+ ) 54. Nxh4 Kd2 55. f4
Ke3 56. f5 g5 57. f6 Bxf6 58. Nf5+ Kf3 59. Nd6 Kg2 60. Nxf7 Kxh3 61. Nxg5+
Bxg5 62. Kb2 Be7 63. g5 =, quiet ) 53. ... Kc4 54. Ne2 D {Na kterych 
diagonalach musi strelec operovat, aby bily se dostal do zugzwangu? } 
54. ... Be5 {Cerny chce privest sveho strelce na diagonalu a5-e1. Potom 
bily jezdec nebude moci tahnout pro ...Kd4-e3 a bily kral nebude moci jit 
tam a zpatky mezi c2 a d2. } 55. Kd2 ( 55. f4 Bd4 ( 55. ... Bd6 56. Nc3 a3
( 56. ... Bxf4 57. Nxa4 Kd4 58. Nc3 =, quiet ) 57. Ne2 f5 58. gxf5 gxf5 
59. Kd2 Bc7 60. Kc2 Bb8 61. Kd2 Ba7 62. Kc2 Be3 63. Nc3 Bxf4 64. Nb1 Bd6 
-+ ) 56. Kd2 f5 57. gxf5 gxf5 58. Kc2 Be3 59. Nc3 a3 60. Nb1 Kb4 61. Nc3 
=+ ) 55. ... Bc7 56. Kc2 Ba5 57. f4 Bb4 58. Ng1 Kd4 59. Nf3+ Ke4 60. Ng5+ 
( 60. Nxh4 Kxf4 61. Ng2+ Kf3 62. Nh4+ Kg3 -+ ) ( 60. Ne5 Kxf4 61. Nd3+ Kg3
62. Nxb4 Kxh3 63. Kd2 Kxg4 64. Ke2 Kg3 65. Kf1 h3 66. Kg1 f5 67. Nd5 f4 
68. Nc3 g5 69. Ne2+ Kf3 70. Nc3 g4 -+ ) 60. ... Kxf4 61. Nxf7 Kg3 0-1

[Event "Capablanca Memorial Elite 38th"]
[Site "Havana CUB"]
[Date "2003.05.09"]
[Round "4"]
[White "Andersson, Ulf"]
[Black "Zapata, Alonso"]
[Result "1-0"]
[WhiteElo "2594"]
[BlackElo "2543"]
[EventDate "2003.05.06"]
[Annotator "Meulders"]

1. Nf3 Nf6 2. c4 d6 3. g3 e5 4. Bg2 c6 5. Nc3 Be7 6. O-O O-O 7. e4 Nbd7 8.
 d4 Qc7 9. Rb1 a6 ( 9. ... a5 10. h3 Rd8 11. Be3 Nf8 12. Qc2 Ne6 13. Rbc1 
Nd7 14. Rfd1 Bf6 15. b3 g6 16. Qb1 Qb8 17. a3 Bg7 18. d5 += {1-0 
Garcia,R-Espinoza,C/Mar del Plata 1962 (53)} ) ( 9. ... Re8 10. h3 a6 11. 
Be3 Bf8 12. Re1 h6 13. a3 b5 14. Nd2 Bb7 15. b4 exd4 16. Bxd4 Ne5 17. Qb3 
Rac8 18. f4 += {1-0 Tibensky,R-Ianov, V/Litomysl 1997 (50)} ) 10. b4 ( 10.
 a4 Rb8 11. c5 Ra8 ( 11. ... dxc5 12. dxe5 Nxe5?? 13. Nxe5 Qxe5 14. Bf4 ) 
12. cxd6 Bxd6 13. b4 b6 14. Qb3 Bb7 15. Rd1 Rfe8 16. d5 cxd5 17. Nxd5 Nxd5
18. exd5 a5 ( 18. ... Nf6 ) 19. bxa5 =, quiet {1-0 
Eberhardt,F-Soelch,H/Germany 1987 (29)} ) ( 10. d5 Nc5 11. Ne1 cxd5 12. 
cxd5 b5 13. Nc2 Rb8 ( 13. ... Bd7 ) 14. b4 Ncd7 15. Bb2 Qa7 16. Kh1 Bd8 
17. f4 {1-0 Tibensky,R-Bednar,J/Slovakia 1997 (54) . mit gleichen Chancen}
) 10. ... b5 11. dxe5 Nxe5 12. Nxe5 dxe5 13. c5 Be6 14. Qc2 Rfd8 {Schwarz 
darf zufrieden sein: er hat keine Probleme.} 15. Rd1 Rxd1+ 16. Nxd1 Rd8 
17. Ne3 g6 ( 17. ... a5! {erscheint mir logisch und stark: Schwarz 
entledigt sich seines achtergebliebenen Bauern.} ) 18. Bb2 Ng4 {Hier und 
später bleibt ....a5 der logische Zug.} 19. Nf1 Bg5 20. Rd1 h5 21. h3 Rxd1
22. Qxd1 Nh6 {Es ist merkwürdig wie schnell Schwarz seine gute Stellung 
verdorben hat.} 23. f4! Bf6 ( 23. ... exf4 24. Qd4 f6 25. h4 +- ) 24. Qd2 
+/- Kh7 25. Nh2 Bg7 26. Nf3 exf4 27. Ng5+ Kg8 28. Bxg7 Kxg7 29. gxf4 Qd7 
30. Qxd7 Bxd7 31. Nf3 f6 32. e5 Nf7 33. exf6+ Kxf6 34. Nd4 Nd8 D {Bily ma 
vaznou vyhodu v koncovce jelikoz cerni pesci jsou fixovani na polich 
stejne barvy jako strelec. Navic ma vyhodu v prostour a dominuje nad 
souperovym kralem.....} 35. h4! {Tento tah je esteticky, bily fixuje 
pescovy retezec a brani uvolnujicimu postupu g6-g5.   Man sollte 
normalerweise stets die Bauern auf die entgegengestellte Farbe des 
feindlichen Läufers setzen. Das wei jeder und eben natürlich ein 
Eindspielkünstler wie 'Uffe'.} 35. ... Ne6 36. Nxe6 {Vymena jezdcu 
nepomaha cernemu s jeho dilema. Andersson demonstruje silnou hrou ze mnoho
pescovych slabin nelze branit. Mamre klasicky priklad doobreho proti 
spatnemu strelci. } 36. ... Kxe6 {Es ist ein klassisches Beispiel 
entstanden von gutem gegen schlechten Läufer.} ( 36. ... Bxe6 37. Bxc6 Kf5
38. Bb7 Kxf4 39. Bxa6 Bd7 40. Bb7 +- ) 37. Kf2 Kf6 38. Ke3 Ke7 39. Kd4 Kf6
40. a3 Be8 41. Be4 Bd7 42. Kc3 {Zde to by nebylo optimalni reseni prevest 
bileho strelce na c8, jelikoz navzdory ziskani pesce a6  bily by mel 
problemy premenit vyhodu na cely bod. } ( 42. Bg2 Be8 43. Bh3 Bf7 44. Bc8 
Bd5 45. Bxa6 Be6 46. Bb7 Bd7 +/- D {a bily jeste musi ukazat jak umi 
vyhrat. Pokracovani vybrane Anderssonem je znatelne lepsi a vyhraje 
vynucene. } ) 42. ... Be8 43. Kb2 Bd7 {Na rozdil k variante uvedene vyse 
kdy strelec je preveden na c8, v tomto pripadu strelec je lepe umisten na 
e4, jelikoz kontroluje pole f5 a tudit nedovoli protihru. BIly nyni sklizi
ovoce sveho usili, pomoci zugzwangu. } 44. a4! {Cerny nemuze prijmout 
docasnou obet pesce jelikoz cesta k vyhre  Ka3-x a4 - a5 je uplne 
jednoducha. Skutecna idea je tahnout a4 pescem na a5 a umistit krale na 
d4. Po Bg2 je cerny v zugzwangu. Jestli tahne kral, bily kral pronikne 
pres e5; ...Ke6 neni mozne pro Bh3+ a po ...Be8 potom Bh3 s dalsim Bc8 a 
vyhraje. Rozdil od varianty 42.Bg2 je pozice pesce na a5. Po techto 
vysvwtelnich podivejme se na specificke varianty: ...... .   Dieser Zug 
ist nur möglich weil Schwarz es die ganze Zeit versäumt hat ...a5 zu 
spielen.} ( 44. a4 Be8 ( 44. ... bxa4?? 45. Ka3 ) 45. a5 Bd7 46. Kc3 Kg7 
47. Kd4 Kf6 48. Bg2! {und Schwarz wird austempiert:} 48. ... Be8 ( 48. ...
 Ke7 49. Ke5 Be8 50. Be4! ) 49. Bh3 Bf7 50. Bd7 Bd5 51. Bc8 Ke7 52. Bxa6 
Be6 ( 52. ... Kd7 53. Bxb5! +- ) 53. Bb7 Kd7 54. a6 Kc7 55. Ba8 Bh3 56. a7
Bg2 57. Ke5 Bf3 58. Kf6 Be4 59. Bxc6 Bxc6 60. Kxg6 +- ) 1-0

[Event "ESP Team Ch"]
[Site "Ciudad Real"]
[Date "2004.08.25"]
[Round "3.5"]
[White "Andersson, Ulf"]
[Black "Ibarra Jerez, Jose Carlos"]
[Result "1-0"]
[WhiteElo "2580"]
[BlackElo "2437"]
[EventDate "2004.08.23"]

1. Nf3 Nf6 2. d4 g6 3. g3 Bg7 4. Bg2 O-O 5. O-O d6 6. c4 Nc6 7. Nc3 a6 8. 
d5 Na5 9. b3 c5 10. dxc6 Nxc6 11. Bb2 Bd7 12. Qd2 Qa5 13. Rfd1 Rfc8 14. a3
Qh5 15. Nd5 Nxd5 16. Bxg7 Kxg7 17. cxd5 Nd8? {Tento pozicni blunder dovoli
bilemu prejit pomalu ale jiste k jasne vyhodne koncovce lehkych figur. 
Jezdec na d8 je spatne postaven, jelikoz je tezko nejaky zpusob prevest ho
z teto pozice na nejake dobre pole. Kdyby cerny napriklad aktivoval jezdce
pomoci b5 a potom Nb7-c5, tomu bude zabraneno okamzitym postupem b3-b4. 
Nebo po f5 a Nf7, potom by byl citlivy slaby bod na e6.} ( 17. ... Ne5 {je
jasne lepsi} ) 18. Rac1 Qf5 19. Nd4 Qf6 20. e3 Kf8 21. f4 Ke8 22. e4 Rxc1 
23. Rxc1 Rc8 24. Rxc8 Bxc8 25. Qc3 Bd7 26. h4 h6 27. Kf2 g5 28. Ne2! D {
Toto je silny zjednodusujici tah, pro ktery Andersson musel pocitat a 
hodnotit nasledujici obet pesce.  Nadherny priklad negativnich efektu 
spatne umistene figury. } 28. ... gxf4 ( 28. ... Qxc3 29. Nxc3 gxf4 30. 
gxf4 e5 31. Kg3 +/- {s velmi dobrou koncovkou diky velke prevaze bileho v 
prostoru. } ) 29. Qxf6 fxg3+ 30. Kxg3 exf6 D {co byste zahrali? } 31. Bh3!
{Logicky a velmi dulezity tah! Bily vymeni spatneho strelce a ziska bila 
pole na kralovskem kridle, zvlaste pole f5. } 31. ... Bxh3 32. Kxh3 f5! D 
{Najdete presvedcive pokracovani po kterem cerny nema sanci na protihru. }
( 32. ... Ke7 33. Kg4 f5+ 34. Kxf5 +-- ) 33. Ng3! {hezka druha obet pesce.
Bily ziska rozhodujici pole f5 a taky zabrani jakekoli aktivaci krale pres
e7. Cerny muze dobre byt docase s dvema pesci navic, ale jeho pozice je 
beznadeja, jelikoz jezdec a kral jsou odsouzeni do totalni pasivity. Tato 
koncovka je dalsi dukaz vyhody pozicnich vyhod nad vyhodami materialnimim.
} ( 33. exf5 Ke7 34. Kg4 Kf6 {Cerny je stale velmi spatne postaven, ale je
tezsi demonstrovat jasnou vyhru zde. Jestli  jste nasli 33.Nd4 misto 
33.Ng3 take jste objevili spravne pokracovani dokud jste predvidali dalsi 
ideu 34.Nf5} ) 33. ... fxe4 34. Nf5 h5 ( 34. ... e3 35. Kg3! e2 36. Kf2 h5
37. Ng7+ Ke7 38. Nxh5 e1=Q+ 39. Kxe1 f5 40. Ke2 Kf7 ( 40. ... Nf7 41. Ke3 
{a potom Kf4xf5} ) 41. Kf3 Kg6 42. Ng3 Nf7 43. Kf4 +- {Znovu je jezdec 
pripraven zasahnout, ale mezitim bily ziskal silneho vzdaleneho pesce, 
ktery zajistuje vyhru. } ) 35. Kg3 f6 ( 35. ... b5 36. Kf4 Nb7 37. b4 +- )
36. Nxd6+ D Kd7? {Prohravajici tah. Cerny mel sance postavit bilemu 
technicke problem po } 37. Nxe4 {Nevyhoda tahu kralem 36....Kd7 se stava 
zrejma. BIly ziskava dulezite tempo a dostava pesce navic  a trvalou 
pozicni vyhodu pro lepsi pozici krale. } 37. ... f5 ( 37. ... Ke7 38. Kf4 
Nf7 39. Ng3 Kd6 40. Nxh5 Kxd5 41. Nxf6+ Kd4 42. Kf5 +- ) 38. Nf6+ Ke7 39. 
Nxh5 Kd6 40. Kf4 Kxd5 41. Kxf5 Kd6 42. Nf4 {Bileho pesec navic na h4 
svazuje cerneho krale a bily vyhraje pochodem krale na damske kridlo, kde 
vymete cerne pesce. Vsimnete si jak cerneho nevyhoda ze spatne postaveneho
jezdce se tahne skrze celou partii jako leitmotif! } 42. ... Ke7 43. Ke5 
Nf7+ 44. Kd5 Kf6 45. Nd3 Kf5 46. Nc5 Nd8 47. Kd6 Kg4 48. Kc7 Nc6 49. Kxb7 
1-0